000 00999nam a22002897i 4500
003 DO-SdBNP
005 20250204110420.0
007 ta
008 221010b2022 dr ||||| |||| 00| 0 spa d
020 _a9789945809794
040 _aDO-SdBNP
_bspa
_cBNPHU
_erda
082 4 _aRD861.44
_bD331e
_222
100 1 _aCruz, Santiago de la,
_d1961-
_eautor
_975112
245 1 0 _aEntre ceja y ceja /
_cSantiago de la Cruz ; prólogo y corrección Julián Morillo
264 _aSanto Domingo :
_b[s.n.],
_c2022.
300 _a103 páginas ;
_c22 cm.
336 _2rdacontent
_atexto
_btxt
337 _2rdamedia
_asin mediación
_bn
338 _2rdacarrier
_avolumen
_bnc
500 _aIncluye datos biográficos del autor en la contracubierta
590 _aInventariado, 2022/BT
650 4 _aPoesía dominicana
650 4 _aLiteratura dominicana
700 1 _aMorillo, Julián,
_eprólogo y corrección Julián Morillo
_928495
910 _aBtavárez/Validado. Control de calidad MFF
942 _2ddc
_cLBS1
999 _c52545
_d52545